Entry Personal Name
Number of records used in: 1
001 - CONTROL NUMBER
003 - CONTROL NUMBER IDENTIFIER
005 - DATE AND TIME OF LATEST TRANSACTION
- control field:
20230902114212.0
008 - FIXED-LENGTH DATA ELEMENTS
- fixed length control field:
020418n| azannaabn |n aaa
010 ## - LIBRARY OF CONGRESS CONTROL NUMBER
- LC control number:
nb2002037113
035 ## - SYSTEM CONTROL NUMBER
- System control number:
(OCoLC)oca05743460
040 ## - CATALOGING SOURCE
- Original cataloging agency:
Uk
- Language of cataloging:
eng
- Description conventions:
rda
- Transcribing agency:
Uk
- Modifying agency:
DGU-L
046 ## - SPECIAL CODED DATES
100 1# - HEADING--PERSONAL NAME
- Personal name:
Parker, Randall E.,
- Dates associated with a name:
1960-
370 ## - ASSOCIATED PLACE
- Associated country:
U.S.
- Other associated place:
Greenville, Calif.
372 ## - FIELD OF ACTIVITY
- Field of activity:
Economics
373 ## - ASSOCIATED GROUP
- Associated group:
East Carolina University
374 ## - OCCUPATION
670 ## - SOURCE DATA FOUND
- Source citation:
Reflections on the Great Depression, c2002:
- Information found:
t.p. (Randall E. Parker; Associate Professor of Economics, East Carolina University, Greenville, North Carolina, USA)
670 ## - SOURCE DATA FOUND
- Source citation:
LC database, 18 April 2002
- Information found:
(hdg.: Parker, Randall E., 1960-)